[Event "TCh-CHN 2018"]
[Site "China CHN"]
[Date "2018.05.23"]
[Round "6.1"]
[Board "1"]
[White "Xu, Yinglun"]
[Black "Bu, Xiangzhi"]
[Result "0-1"]
[WhiteTitle "GM"]
[BlackTitle "GM"]
[WhiteElo "2531"]
[BlackElo "2726"]
[WhiteTeam "Guangdong Ding Xin High Tech Team"]
[BlackTeam "Shandong Jingzhi Team"]
[WhiteFideId "8604940"]
[BlackFideId "8601445"]
[EventDate "2018.04.11"]

1. d4 Nf6 2. c4 e6 3. Nf3 b6 4. g3 Bb7 5. Bg2 Be7 6. O-O O-O 7. Nc3 Ne4 8. Bd2
d5 9. Ne5 Nxc3 10. Bxc3 Nd7 11. cxd5 exd5 12. Qc2 Re8 13. Rfd1 Bd6 14. Nc4 Bf8
15. Rac1 Qe7 16. e3 Nf6 17. Ne5 a5 18. a3 Ne4 19. Nd3 Qd7 20. Be1 Bd6 21. b4
axb4 22. Bxb4 c6 23. Qb3 Bc7 24. Be1 Ba6 25. Qc2 Bb5 26. Ne5 Bxe5 27. dxe5 Nc5
28. Qc3 Qf5 29. f4 Bc4 30. Rb1 b5 31. Qd4 Nb3 32. Qb2 Nc5 33. Bb4 Ne4 34. Qd4 h5
35. Rb2 Re6 36. Bf3 Rg6 37. Bxe4 dxe4 38. Qd7 Re6 39. Rd6 Qh3 40. Rg2 Rxd6 41.
Qxd6 Qg4 42. Bc5 Bd3 43. h3 Qxh3 44. Qxc6 Rc8 45. Qd6 Qg4 46. Qe7 Kh7 47. e6
fxe6 48. Rd2 Be2 49. Kh2 Qf3 50. Bd4 Rg8 51. Rb2 Qf2+ 52. Kh3 Qf1+ 0-1

[Event "TCh-CHN 2018"]
[Site "China CHN"]
[Date "2018.05.23"]
[Round "6.1"]
[Board "2"]
[White "Li, Shilong"]
[Black "Zhao, Jun"]
[Result "0-1"]
[WhiteTitle "GM"]
[BlackTitle "GM"]
[WhiteElo "2498"]
[BlackElo "2607"]
[WhiteTeam "Guangdong Ding Xin High Tech Team"]
[BlackTeam "Shandong Jingzhi Team"]
[WhiteFideId "8600678"]
[BlackFideId "8602522"]
[EventDate "2018.04.11"]

1. d4 Nf6 2. Nf3 g6 3. Bg5 Bg7 4. Nbd2 h6 5. Bh4 d6 6. e4 g5 7. Bg3 Nh5 8. c3 e6
9. Bd3 Qe7 10. O-O b6 11. Qa4+ Bd7 12. Qc4 c5 13. dxc5 bxc5 14. e5 d5 15. Qg4
Nxg3 16. Qxg3 Nc6 17. c4 h5 18. cxd5 exd5 19. Rfe1 g4 20. Nh4 Bh6 21. f4 Rb8 22.
e6 fxe6 23. Ng6 Qf6 24. Nxh8 Bxf4 25. Qf2 Bxh2+ 26. Kf1 Qxf2+ 27. Kxf2 Rxb2 28.
Re2 Nd4 29. Rb1 Rxa2 30. Bg6+ Kd8 31. Rd1 Nxe2 32. Kxe2 Bf4 33. Bxh5 Bb5+ 34.
Ke1 0-1

[Event "TCh-CHN 2018"]
[Site "China CHN"]
[Date "2018.05.23"]
[Round "6.1"]
[Board "3"]
[White "Zhao, Chenxi"]
[Black "Wen, Yang"]
[Result "0-1"]
[BlackTitle "GM"]
[WhiteElo "2328"]
[BlackElo "2604"]
[WhiteTeam "Guangdong Ding Xin High Tech Team"]
[BlackTeam "Shandong Jingzhi Team"]
[WhiteFideId "8611513"]
[BlackFideId "8602956"]
[EventDate "2018.04.11"]

1. e4 c5 2. Nf3 Nc6 3. Bb5 g6 4. O-O Bg7 5. Re1 e5 6. Bxc6 dxc6 7. d3 Qe7 8. Be3
Nf6 9. a4 a5 10. Na3 b6 11. Nc4 Nd7 12. Ra3 O-O 13. Qd2 Re8 14. Rb3 Rb8 15. h3
Ba6 16. Qc3 Qd8 17. Ra3 Qc7 18. Raa1 Nf8 19. Bg5 Ne6 20. Bh4 f6 21. Bg3 Red8 22.
Qb3 Qf7 23. Rad1 Rb7 24. Bh4 Rbb8 25. Bg3 h5 26. Qa3 Bh6 27. b3 Nf4 28. Qa1 Qe8
29. Qb1 Rd7 30. Bxf4 Bxf4 31. c3 Kh7 32. g3 Bh6 33. Kg2 Qd8 34. d4 cxd4 35. cxd4
exd4 36. e5 c5 37. Nh4 Rg7 38. f4 b5 39. axb5 Bxb5 40. Qc2 a4 41. bxa4 Qd5+ 42.
Kg1 Bxc4 43. exf6 d3 44. Qc3 Rf7 45. Re5 Qd4+ 0-1

[Event "TCh-CHN 2018"]
[Site "China CHN"]
[Date "2018.05.23"]
[Round "6.1"]
[Board "4"]
[White "Ning, Kaiyu"]
[Black "Li, Xueyi"]
[Result "1-0"]
[WhiteElo "2217"]
[BlackElo "2187"]
[WhiteTeam "Shandong Jingzhi Team"]
[BlackTeam "Guangdong Ding Xin High Tech Team"]
[WhiteFideId "8614750"]
[BlackFideId "8605912"]
[EventDate "2018.04.11"]

1. d4 d5 2. c4 e6 3. Nf3 Nf6 4. Nc3 c6 5. e3 Nbd7 6. Qc2 Bd6 7. Bd3 O-O 8. O-O
dxc4 9. Bxc4 b5 10. Be2 Bb7 11. e4 e5 12. dxe5 Nxe5 13. Nh4 Ng6 14. Nf5 Bc5 15.
Bg5 Qb6 16. a4 a6 17. a5 Qc7 18. Bxf6 gxf6 19. Na4 Ba7 20. Nc5 Bxc5 21. Qxc5 Qe5
22. Qxe5 fxe5 23. Nd6 Bc8 24. Rac1 Nf4 25. Bf3 Nd3 26. Rxc6 Nxb2 27. Rc5 Be6 28.
Rxe5 Rab8 29. Bg4 Bc4 30. Rb1 Na4 31. h3 f6 32. Re7 Rfd8 33. Nxc4 bxc4 34. Be6+
Kf8 35. Rf7+ Ke8 36. Rxb8 Rxb8 37. Bxc4 Rb4 38. Bd5 Nc3 39. Rxf6 Nb1 40. Rxa6
Nd2 41. Rb6 1-0

[Event "TCh-CHN 2018"]
[Site "China CHN"]
[Date "2018.05.23"]
[Round "6.1"]
[Board "5"]
[White "Yan, Tianqi"]
[Black "Liu, Manli"]
[Result "1/2-1/2"]
[WhiteElo "2098"]
[BlackElo "2159"]
[WhiteTeam "Shandong Jingzhi Team"]
[BlackTeam "Guangdong Ding Xin High Tech Team"]
[WhiteFideId "8615250"]
[BlackFideId "8608121"]
[EventDate "2018.04.11"]

1. e4 e6 2. d4 d5 3. Nd2 c5 4. Ngf3 cxd4 5. exd5 Qxd5 6. Bc4 Qd7 7. O-O Nc6 8.
Nb3 Nf6 9. Nbxd4 Nxd4 10. Qxd4 Qxd4 11. Nxd4 Bd7 12. a4 Rc8 13. Bd3 a6 14. Bd2
Bd6 15. Rfe1 O-O 16. b4 Nd5 17. b5 Nb4 18. Be4 b6 19. bxa6 Nxa6 20. Bb7 Rc4 21.
Nxe6 Bxe6 22. Bxa6 Rxc2 23. Be3 Bc5 24. Bxc5 Rxc5 25. Rec1 Rxc1+ 26. Rxc1 Rd8
27. f3 g6 28. Bb5 Rd4 29. Rc6 Bb3 30. Rxb6 Bxa4 31. Bxa4 Rxa4 1/2-1/2

[Event "TCh-CHN 2018"]
[Site "China CHN"]
[Date "2018.05.23"]
[Round "6.2"]
[Board "1"]
[White "Ni, Hua"]
[Black "Vallejo Pons, Francisco"]
[Result "1/2-1/2"]
[WhiteTitle "GM"]
[BlackTitle "GM"]
[WhiteElo "2683"]
[BlackElo "2694"]
[WhiteTeam "China Mobil Shanghai Chess Club"]
[BlackTeam "Chengdu Beilei Youth Chess Club"]
[WhiteFideId "8601160"]
[BlackFideId "2205530"]
[EventDate "2018.04.11"]

1. d4 d5 2. c4 e6 3. Nf3 a6 4. Bg5 Be7 5. Bxe7 Qxe7 6. e3 Nf6 7. Nc3 O-O 8. c5
Nc6 9. Be2 Rd8 10. O-O e5 11. Nxe5 Nxe5 12. dxe5 Qxe5 13. Qd4 Qe7 14. b4 c6 15.
Rfe1 Bf5 16. a3 Re8 17. Bf1 h6 18. Rad1 Bc2 19. Rc1 Bf5 20. Rcd1 Bc2 21. Rc1 Bf5
22. Rcd1 Bc2 1/2-1/2

[Event "TCh-CHN 2018"]
[Site "China CHN"]
[Date "2018.05.23"]
[Round "6.2"]
[Board "2"]
[White "Harikrishna, Pentala"]
[Black "Li, Di"]
[Result "1-0"]
[WhiteTitle "GM"]
[BlackTitle "IM"]
[WhiteElo "2729"]
[BlackElo "2487"]
[WhiteTeam "China Mobil Shanghai Chess Club"]
[BlackTeam "Chengdu Beilei Youth Chess Club"]
[WhiteFideId "5007003"]
[BlackFideId "8607508"]
[EventDate "2018.04.11"]

1. c4 c6 2. Nf3 d5 3. e3 Nf6 4. d4 e6 5. Bd3 Nbd7 6. O-O Bd6 7. Nc3 dxc4 8. Bxc4
b5 9. Bd3 O-O 10. b3 Bb7 11. Bb2 a6 12. a4 b4 13. Ne4 Nxe4 14. Bxe4 Nf6 15. Bd3
c5 16. dxc5 Bxc5 17. Rc1 Be7 18. Rc4 Qa5 19. Qe2 Rfd8 20. e4 Rac8 21. Rfc1 Nd7
22. Qe3 Rxc4 23. Rxc4 Qb6 24. Bd4 Qd6 25. Be2 Rc8 26. h3 Rxc4 27. Bxc4 Qc6 28.
Nd2 Bc5 29. Bxc5 Qxc5 30. Qd3 Qc7 31. Bxa6 Bxa6 32. Qxa6 Qc1+ 33. Nf1 Qc3 34.
Qb7 Nf8 35. a5 Qxb3 36. a6 1-0

[Event "TCh-CHN 2018"]
[Site "China CHN"]
[Date "2018.05.23"]
[Round "6.2"]
[Board "3"]
[White "Xu, Yi"]
[Black "Zhao, Yuanhe"]
[Result "1/2-1/2"]
[WhiteTitle "IM"]
[WhiteElo "2533"]
[BlackElo "2388"]
[WhiteTeam "China Mobil Shanghai Chess Club"]
[BlackTeam "Chengdu Beilei Youth Chess Club"]
[WhiteFideId "8605564"]
[BlackFideId "8609497"]
[EventDate "2018.04.11"]

1. e4 e5 2. Nf3 Nf6 3. d4 Nxe4 4. Bd3 d5 5. Nxe5 Nd7 6. Nxd7 Bxd7 7. O-O Be7 8.
c4 Nf6 9. Nc3 dxc4 10. Bxc4 O-O 11. Bf4 Bg4 12. Qd2 Qd7 13. Rfe1 Rad8 14. Be5
Bh5 15. Qg5 Bg6 16. Qg3 c6 17. Rad1 Nd5 18. Nxd5 cxd5 19. Bd3 Rfe8 20. Re3 Bf8
21. Bxg6 hxg6 22. Rc1 Rc8 23. Rec3 Bb4 24. Rxc8 Rxc8 25. Qe3 Rc6 26. h3 Qc8 27.
Rxc6 Qxc6 28. Bf4 a6 29. Kh2 Kh7 30. a3 Bf8 1/2-1/2

[Event "TCh-CHN 2018"]
[Site "China CHN"]
[Date "2018.05.23"]
[Round "6.2"]
[Board "4"]
[White "Gunina, Valentina"]
[Black "Ju, Wenjun"]
[Result "1/2-1/2"]
[WhiteTitle "GM"]
[BlackTitle "GM"]
[WhiteElo "2497"]
[BlackElo "2568"]
[WhiteTeam "Chengdu Beilei Youth Chess Club"]
[BlackTeam "China Mobil Shanghai Chess Club"]
[WhiteFideId "4167570"]
[BlackFideId "8603006"]
[EventDate "2018.04.11"]

1. e4 e5 2. Nf3 Nf6 3. Nxe5 d6 4. Nf3 Nxe4 5. c4 Be7 6. d3 Nf6 7. d4 O-O 8. Nc3
d5 9. Bd3 dxc4 10. Bxc4 Nc6 11. h3 Na5 12. Bd3 Be6 13. O-O h6 14. Re1 c5 15. Bc2
Nc6 16. Be3 Qa5 17. d5 Rfd8 18. Bd2 Nxd5 19. Nxd5 Rxd5 20. Bxa5 Rxd1 21. Raxd1
Nxa5 22. Be4 Bf6 23. b3 c4 24. bxc4 Bxc4 25. Bd5 Rc8 26. Bxc4 Nxc4 27. Rd7 Rb8
28. Rc1 Nb6 29. Rd3 g6 30. Nd2 Kf8 31. Ne4 Be7 32. Nc5 Rc8 33. Rdc3 Rb8 34. Kf1
Ke8 35. Ne4 h5 36. Rd1 Kf8 37. Rdd3 Ke8 38. Rc7 Na8 39. Rc2 Nb6 40. Ke2 Kf8 41.
Kf3 Ke8 42. g3 Kf8 43. h4 Kg7 44. Rd4 Kf8 45. Ng5 Nc8 46. Rcd2 Nb6 47. a4 Rc8
48. Kg2 Rc5 49. f4 Rc7 50. Kh3 a5 51. Rb2 Bb4 52. Rd8+ Ke7 53. Rg8 Nxa4 54. Re2+
Kd6 55. Rg7 Nc3 56. Re5 Nd5 57. Rg8 Kc6 58. Rd8 Nc3 59. f5 Kb6 60. Ra8 a4 61. g4
a3 62. Nxf7 hxg4+ 63. Kxg4 gxf5+ 64. Rxf5 a2 65. h5 Rc8 66. Rf6+ Kc7 67. Ra7 Kb8
68. Rxa2 Nxa2 69. h6 Bc3 70. Rg6 Rc4+ 71. Kh3 Rc5 72. Nd6 Bd2 73. Kg4 Bxh6 74.
Rxh6 Rc6 75. Kf5 Nc3 76. Ke5 Ka7 77. Rh7 Rc5+ 78. Ke6 Nb5 79. Rxb7+ Ka6 80. Rxb5 1/2-1/2

[Event "TCh-CHN 2018"]
[Site "China CHN"]
[Date "2018.05.23"]
[Round "6.2"]
[Board "5"]
[White "Ren, Xiaoyi"]
[Black "Harika, Dronavalli"]
[Result "1/2-1/2"]
[BlackTitle "GM"]
[WhiteElo "2256"]
[BlackElo "2498"]
[WhiteTeam "Chengdu Beilei Youth Chess Club"]
[BlackTeam "China Mobil Shanghai Chess Club"]
[WhiteFideId "8608709"]
[BlackFideId "5015197"]
[EventDate "2018.04.11"]

1. d4 d5 2. Nf3 e6 3. c4 a6 4. b3 Nf6 5. e3 b6 6. Bd3 Bb7 7. O-O Nbd7 8. Bb2 Bd6
9. Nbd2 Ne4 10. Qc2 f5 11. Ne5 Nxd2 12. Qxd2 Bxe5 13. dxe5 Nc5 14. Be2 dxc4 15.
Qxd8+ Rxd8 16. Bxc4 b5 17. Ba3 bxc4 18. Bxc5 Rd5 19. Bd4 cxb3 20. Rfb1 Kd7 21.
Rxb3 Rb5 22. Rxb5 axb5 23. Rb1 Bc6 24. a3 Ra8 25. Bc5 g5 26. f3 h5 27. Rd1+ Ke8
28. Kf2 Rd8 29. Rxd8+ Kxd8 30. e4 fxe4 31. fxe4 Bxe4 32. g3 Bh1 33. Ke3 Kd7 34.
h4 gxh4 35. gxh4 Kc6 36. Kd4 Bf3 37. Bb4 Kb6 38. Bc5+ Ka5 39. Bb4+ Ka4 40. Kc3
Bg4 41. Kb2 Bf3 42. Kc3 Bg4 43. Kb2 1/2-1/2

[Event "TCh-CHN 2018"]
[Site "China CHN"]
[Date "2018.05.23"]
[Round "6.3"]
[Board "1"]
[White "Liu, Yan"]
[Black "Gao, Rui"]
[Result "1/2-1/2"]
[WhiteTitle "IM"]
[BlackTitle "GM"]
[WhiteElo "2495"]
[BlackElo "2546"]
[WhiteTeam "Chongqing Team"]
[BlackTeam "Hangzhou Bank Team"]
[WhiteFideId "8608962"]
[BlackFideId "8602387"]
[EventDate "2018.04.11"]

1. Nf3 Nf6 2. c4 g6 3. b3 Bg7 4. Bb2 c5 5. g3 b6 6. Bg2 Bb7 7. O-O O-O 8. d4
cxd4 9. Qxd4 Nc6 10. Qc3 Qc7 11. Rd1 Rad8 12. Qe1 d5 13. cxd5 Nxd5 14. Bxg7 Kxg7
15. Nc3 Nf6 16. Nb5 Qb8 17. Qc3 Rxd1+ 18. Rxd1 Rd8 19. Rxd8 Qxd8 20. Nfd4 Nxd4
21. Qxd4 Qe8 22. Nc3 Bxg2 23. Kxg2 Qd7 24. Qxd7 Nxd7 25. f4 e5 26. Kf3 Kf6 27.
b4 Ke6 28. a3 f5 29. e3 e4+ 30. Ke2 a6 31. h3 b5 32. g4 Nb6 33. Kf2 Kd6 34. gxf5
gxf5 35. Ne2 Ke6 36. Nd4+ Kf6 37. Nb3 Nc4 38. Nc5 Nxa3 39. Nxa6 Ke6 40. Nc7+ Kd6
41. Ne8+ Ke7 42. Ng7 Kf6 43. Ne8+ Ke7 44. Ng7 Kf6 1/2-1/2

[Event "TCh-CHN 2018"]
[Site "China CHN"]
[Date "2018.05.23"]
[Round "6.3"]
[Board "2"]
[White "Zhou, Weiqi"]
[Black "Ma, Qun"]
[Result "1/2-1/2"]
[WhiteTitle "GM"]
[BlackTitle "GM"]
[WhiteElo "2597"]
[BlackElo "2620"]
[WhiteTeam "Chongqing Team"]
[BlackTeam "Hangzhou Bank Team"]
[WhiteFideId "8601674"]
[BlackFideId "8603154"]
[EventDate "2018.04.11"]

1. d4 d5 2. c4 e6 3. Nf3 Nf6 4. Nc3 c5 5. cxd5 Nxd5 6. g3 Nxc3 7. bxc3 cxd4 8.
cxd4 Bb4+ 9. Bd2 Bxd2+ 10. Qxd2 b6 11. Bg2 Bb7 12. a4 O-O 13. a5 Nd7 14. O-O Rc8
15. axb6 axb6 16. Rfb1 Be4 17. Rb2 Qc7 18. Ng5 Bxg2 19. Kxg2 h6 20. Nf3 Rfd8 21.
Rab1 Qc6 22. Kg1 Qd5 23. Qd3 Rc7 24. Rb5 Qa8 25. Ne1 Qa2 26. R5b2 Qa4 27. Rb4
Qa2 28. R4b2 Qa4 29. Rb4 Qa2 30. R4b2 Qa4 1/2-1/2

[Event "TCh-CHN 2018"]
[Site "China CHN"]
[Date "2018.05.23"]
[Round "6.3"]
[Board "3"]
[White "Zeng, Chongsheng"]
[Black "Bai, Jinshi"]
[Result "1/2-1/2"]
[WhiteTitle "GM"]
[BlackTitle "GM"]
[WhiteElo "2535"]
[BlackElo "2568"]
[WhiteTeam "Chongqing Team"]
[BlackTeam "Hangzhou Bank Team"]
[WhiteFideId "8603847"]
[BlackFideId "8602280"]
[EventDate "2018.04.11"]

1. d4 Nf6 2. Nf3 g6 3. Bg5 Bg7 4. Nbd2 c5 5. c3 cxd4 6. cxd4 O-O 7. e3 Qb6 8.
Nc4 Qb4+ 9. Qd2 Nc6 10. Rc1 Qxd2+ 11. Ncxd2 d6 12. h3 Bd7 13. Be2 Rfc8 14. a3 h6
15. Bh4 g5 16. Bg3 Bf5 17. O-O Nd8 18. Bc4 a6 19. Rfe1 b5 20. Bf1 Rxc1 21. Rxc1
Rc8 22. Rxc8 Bxc8 23. Bd3 Nd5 24. h4 g4 25. Ne1 f5 26. Bc2 Nc6 27. Nd3 Kf7 28.
Kf1 Be6 29. Ke2 a5 30. Nf4 Nxf4+ 31. Bxf4 Bd7 32. Bd3 Nd8 33. f3 e5 34. Bg3
gxf3+ 35. gxf3 Bf6 36. Nb3 Nb7 37. Bf2 a4 38. Nd2 exd4 39. exd4 Nd8 40. Kd1 Ke7
41. Nb1 Ne6 42. Bxf5 Nxd4 43. Be4 Nb3 44. Nc3 Bxc3 45. bxc3 Nc5 46. Bc2 Be6 47.
Be3 h5 48. Bg5+ Kf7 49. Ke2 Bb3 50. Bh7 Ne6 51. f4 d5 52. Kd2 Bc4 53. Bc2 Nc5
54. Ke3 Bb3 55. Bf5 Ne4 56. Kd4 Nd6 57. Bd7 Kg6 58. Kc5 Ne4+ 59. Kb4 Nd6 60. Be7
Nf5 61. Be8+ Kg7 62. Bg5 Ne3 63. Bxb5 Nc2+ 64. Ka5 Nxa3 65. Bxa4 Nc4+ 66. Kb4
Bxa4 67. Kxa4 Nd6 68. Kb3 Kf7 69. Kc2 Ke6 70. Kd3 Nf5 1/2-1/2

[Event "TCh-CHN 2018"]
[Site "China CHN"]
[Date "2018.05.23"]
[Round "6.3"]
[Board "4"]
[White "Girya, Olga"]
[Black "Lei, Tingjie"]
[Result "0-1"]
[WhiteTitle "WGM"]
[BlackTitle "GM"]
[WhiteElo "2481"]
[BlackElo "2457"]
[WhiteTeam "Hangzhou Bank Team"]
[BlackTeam "Chongqing Team"]
[WhiteFideId "4195752"]
[BlackFideId "8605114"]
[EventDate "2018.04.11"]

1. d4 Nf6 2. c4 e6 3. Nf3 d5 4. Nc3 c5 5. cxd5 Nxd5 6. g3 Nxc3 7. bxc3 cxd4 8.
cxd4 Bb4+ 9. Bd2 Bxd2+ 10. Qxd2 Bd7 11. Bg2 Bc6 12. O-O Nd7 13. Rfc1 O-O 14. a4
Rc8 15. a5 Nf6 16. Qb4 Be4 17. Ne5 Bxg2 18. Kxg2 Qd5+ 19. f3 Rxc1 20. Rxc1 Qa2
21. Kf2 Nd5 22. Qxb7 Qd2 23. Rc4 Nc3 24. Rxc3 Qxc3 25. Qxa7 f6 26. Nd3 Rd8 27.
Ke3 e5 28. a6 Rxd4 29. Qb8+ Kf7 30. Qb7+ Kg6 31. a7 Rxd3+ 32. Kf2 Rd1 33. Kg2
Qe3 34. Kh3 Rg1 35. f4 Qxe2 36. f5+ Kh6 37. Qf7 Rg2 0-1

[Event "TCh-CHN 2018"]
[Site "China CHN"]
[Date "2018.05.23"]
[Round "6.3"]
[Board "5"]
[White "Gu, Tianlu"]
[Black "Tan, Zhongyi"]
[Result "0-1"]
[WhiteTitle "WIM"]
[BlackTitle "GM"]
[WhiteElo "2231"]
[BlackElo "2513"]
[WhiteTeam "Hangzhou Bank Team"]
[BlackTeam "Chongqing Team"]
[WhiteFideId "8603995"]
[BlackFideId "8603642"]
[EventDate "2018.04.11"]

1. e4 e5 2. Nf3 Nc6 3. Bb5 a6 4. Ba4 Nf6 5. d3 d6 6. O-O Bd7 7. c3 g6 8. Re1 Bg7
9. d4 b5 10. Bb3 O-O 11. Nbd2 h6 12. dxe5 Nxe5 13. Nxe5 dxe5 14. Nf1 Qe7 15. Ne3
c6 16. Qf3 Rfd8 17. h3 Be6 18. Bxe6 Qxe6 19. Ng4 Nxg4 20. Qxg4 Qc4 21. Qe2 Qxe2
22. Rxe2 Rd1+ 23. Kh2 Rad8 24. b3 Bf8 25. f3 Be7 26. Bb2 R8d2 27. Rxd1 Rxe2 28.
Bc1 Rxa2 29. Bxh6 Rc2 30. Rd7 Bh4 31. Bd2 a5 32. c4 bxc4 33. bxc4 a4 34. Bb4
Rxc4 35. Ba3 Bg5 36. Kg3 c5 37. Rd5 Be7 38. Rd7 Kf8 39. Ra7 f6 40. Kf2 f5 41.
exf5 gxf5 42. g4 f4 43. Ke2 e4 44. fxe4 Rxe4+ 45. Kf1 Rc4 46. Ke2 f3+ 47. Kf1
Ke8 48. Ra5 Kd7 49. g5 Bxg5 50. Bxc5 Bh4 51. Be3 Ke6 52. Bd2 Rd4 53. Ra6+ Kf5
54. Ra5+ Ke4 55. Be1 Bxe1 56. Kxe1 Ke3 57. Re5+ Re4 58. Rf5 Rb4 59. Re5+ Kf4 60.
Ra5 Rb1+ 61. Kf2 Rb2+ 62. Kf1 Kg3 63. Rg5+ Kxh3 64. Ra5 a3 65. Rxa3 Kg3 66. Ke1
Kg2 0-1

[Event "TCh-CHN 2018"]
[Site "China CHN"]
[Date "2018.05.23"]
[Round "6.4"]
[Board "1"]
[White "Lin, Yi"]
[Black "Ding, Liren"]
[Result "0-1"]
[BlackTitle "GM"]
[WhiteElo "2359"]
[BlackElo "2816"]
[WhiteTeam "Hangzhou Turbine Team"]
[BlackTeam "Zhejiang Chess Team"]
[WhiteFideId "8609659"]
[BlackFideId "8603677"]
[EventDate "2018.04.11"]

1. d4 Nf6 2. Nf3 e6 3. c4 b6 4. a3 Bb7 5. Nc3 d5 6. cxd5 Nxd5 7. e3 Nxc3 8. bxc3
Bd6 9. Bd3 O-O 10. O-O c5 11. e4 Nc6 12. Be3 Rc8 13. Qe2 Na5 14. Ng5 Be7 15.
Nxh7 c4 16. Bc2 Kxh7 17. Qh5+ Kg8 18. e5 f5 19. exf6 Rxf6 20. Qh7+ Kf7 21. Qh5+
g6 22. Qh7+ Ke8 23. Bxg6+ Kd7 24. Be4 Qg8 25. Qxg8 Rxg8 26. Bxb7 Nxb7 27. a4 Nd6
28. a5 b5 29. a6 Nf5 30. Rfb1 Nxe3 31. fxe3 Kc6 32. Ra2 Rg4 33. Rab2 Rf5 34. h3
Re4 35. g4 Rf3 36. Rxb5 Rexe3 37. Rb7 Bh4 38. Rxa7 Rg3+ 39. Kf1 Ref3+ 40. Ke2
Rxh3 41. Rf1 Re3+ 0-1

[Event "TCh-CHN 2018"]
[Site "China CHN"]
[Date "2018.05.23"]
[Round "6.4"]
[Board "2"]
[White "Zou, Chen"]
[Black "Lu, Shanglei"]
[Result "1/2-1/2"]
[WhiteTitle "FM"]
[BlackTitle "GM"]
[WhiteElo "2384"]
[BlackElo "2636"]
[WhiteTeam "Hangzhou Turbine Team"]
[BlackTeam "Zhejiang Chess Team"]
[WhiteFideId "8610959"]
[BlackFideId "8603332"]
[EventDate "2018.04.11"]

1. e4 c5 2. Nf3 d6 3. d4 cxd4 4. Nxd4 Nf6 5. Nc3 a6 6. f3 e5 7. Nb3 Be6 8. Be3
Nbd7 9. Qd2 h5 10. Nd5 Bxd5 11. exd5 g6 12. Be2 Bg7 13. O-O O-O 14. Na5 Qc7 15.
c4 b6 16. Nc6 Nb8 17. Nb4 Re8 18. Rac1 Nfd7 19. Nd3 a5 20. Nf2 Nc5 21. Ne4 Nbd7
22. Nc3 Nf6 23. Nb5 Qd7 24. h3 Kh7 25. b3 Ng8 26. Bd1 Bh6 27. a3 Qe7 28. b4 axb4
29. axb4 Na6 30. Bxh6 Nxh6 31. Bc2 Nc7 32. Nc3 Ra3 33. c5 bxc5 34. bxc5 Rea8 1/2-1/2

[Event "TCh-CHN 2018"]
[Site "China CHN"]
[Date "2018.05.23"]
[Round "6.4"]
[Board "3"]
[White "Xiang, Zeyu"]
[Black "Gordievsky, Dmitry"]
[Result "1/2-1/2"]
[BlackTitle "GM"]
[WhiteElo "2435"]
[BlackElo "2614"]
[WhiteTeam "Hangzhou Turbine Team"]
[BlackTeam "Zhejiang Chess Team"]
[WhiteFideId "8608547"]
[BlackFideId "24112798"]
[EventDate "2018.04.11"]

1. d4 Nf6 2. Nf3 b6 3. g3 Bb7 4. Bg2 c5 5. O-O e6 6. c4 cxd4 7. Nxd4 Bxg2 8.
Kxg2 Qc8 9. Qd3 Nc6 10. Nxc6 Qxc6+ 11. Qf3 Rc8 12. b3 Qxf3+ 13. Kxf3 d5 14. Na3
h5 15. cxd5 Nxd5 16. Bb2 Bxa3 17. Bxa3 f5 18. Rac1 Kf7 19. Bb2 Rhd8 20. h4 b5
21. Rfd1 g6 22. Be5 Ke7 23. Bf4 Kd7 24. Be5 a6 25. Bf4 Re8 26. Be5 Red8 27. Bf4
Re8 28. Be5 Red8 29. Bf4 Re8 30. Be5 Red8 1/2-1/2

[Event "TCh-CHN 2018"]
[Site "China CHN"]
[Date "2018.05.23"]
[Round "6.4"]
[Board "4"]
[White "Ding, Yixin"]
[Black "Zhao, Shengxin"]
[Result "1-0"]
[WhiteTitle "WGM"]
[BlackTitle "WFM"]
[WhiteElo "2429"]
[BlackElo "2133"]
[WhiteTeam "Zhejiang Chess Team"]
[BlackTeam "Hangzhou Turbine Team"]
[WhiteFideId "8602972"]
[BlackFideId "8608040"]
[EventDate "2018.04.11"]

1. e4 c5 2. Nf3 d6 3. d4 cxd4 4. Nxd4 Nf6 5. Nc3 a6 6. h3 e5 7. Nb3 h5 8. f4
Nbd7 9. f5 b5 10. Qf3 b4 11. Nd5 Nxd5 12. exd5 Be7 13. Bd3 Bb7 14. c4 bxc3 15.
bxc3 e4 16. Bxe4 Ne5 17. Qe3 Nc4 18. Qf2 Bf6 19. O-O Bxc3 20. Rb1 Qb6 21. Qxb6
Nxb6 22. Rd1 O-O 23. Bf4 Na4 24. Bxd6 Rfd8 25. Nc5 Nxc5 26. Bxc5 Rac8 27. Be7
Rd7 28. f6 g6 29. Kf2 Be5 30. Rb3 Rc4 31. Ke3 Bc6 32. Rb6 Ba4 33. Rd2 Rc3+ 34.
Rd3 Rc1 35. d6 Re1+ 36. Kf3 Bxf6 37. Bxf6 Rf1+ 38. Ke3 Rxf6 39. Rd4 Re6 40. Kf2
Rf6+ 41. Ke3 Re6 42. Kd2 Bb5 43. Bf3 Rd8 44. a4 Bf1 45. Rc6 Rd7 46. Kc3 Kg7 47.
Rd2 Re3+ 48. Kc2 Re6 49. Rf2 Re1 50. Bd1 Bd3+ 51. Kd2 Rg1 52. Bf3 Bf5 53. Rxa6
Ra1 54. Bd5 Rb1 55. Bc4 Rb2+ 56. Ke3 Rb4 57. Bb5 Rd8 58. Rd2 Kf6 59. Rc6 Rb3+
60. Kd4 Bd7 61. Rf2+ Kg5 62. Rc5+ f5 63. Bxd7 Rxd7 64. Rd5 Rb4+ 65. Kc5 Rxa4 66.
Kc6 Raa7 67. Re2 Kf6 68. Re8 Kf7 69. Rde5 Kf6 70. Re2 Kf7 71. Rc8 1-0

[Event "TCh-CHN 2018"]
[Site "China CHN"]
[Date "2018.05.23"]
[Round "6.4"]
[Board "5"]
[White "Zhu, Jiner"]
[Black "Zhou, Zirun"]
[Result "1-0"]
[WhiteTitle "WIM"]
[WhiteElo "2379"]
[BlackElo "2152"]
[WhiteTeam "Zhejiang Chess Team"]
[BlackTeam "Hangzhou Turbine Team"]
[WhiteFideId "8608059"]
[BlackFideId "8610975"]
[EventDate "2018.04.11"]

1. e4 c5 2. Nf3 d6 3. d4 cxd4 4. Nxd4 Nf6 5. Nc3 a6 6. Be3 e5 7. Nb3 Be7 8. h3
h5 9. Qd2 Be6 10. f4 Qc7 11. O-O-O Nbd7 12. Rg1 g6 13. Nd5 Bxd5 14. exd5 Rc8 15.
c3 h4 16. fxe5 Nxe5 17. Bf4 Nfd7 18. Be2 Bf6 19. Kb1 Nb6 20. Qc2 Nbc4 21. Rgf1
O-O 22. Bh6 Bg7 23. Bxg7 Kxg7 24. Qc1 a5 25. Nd4 Qe7 26. g3 Rh8 27. Qf4 a4 28.
Rg1 Kf8 29. Bxc4 Rxc4 30. Rde1 Ke8 31. Re3 hxg3 32. Qxg3 Rc5 33. Qg2 Rh5 34. Rf1
Qg5 35. Qf2 Qe7 36. Qc2 Qd7 37. Qg2 Qc7 38. Ne6 Qb6 39. Ng7+ Kf8 40. Nxh5 gxh5
41. Rg3 Ke7 42. Rg8 Kd7 43. Qf2 1-0